<?xml version="1.0" encoding="UTF-8"?>
<collection xmlns="http://www.loc.gov/MARC21/slim">
 <record>
  <leader>00961nam a2200229 a 4500</leader>
  <controlfield tag="001">4488969</controlfield>
  <controlfield tag="008">100802s1997    enk      b    001 0 eng d</controlfield>
  <datafield tag="010" ind1=" " ind2=" ">
   <subfield code="a">   97017713 </subfield>
  </datafield>
  <datafield tag="020" ind1=" " ind2=" ">
   <subfield code="a">9780192853837</subfield>
  </datafield>
  <datafield tag="020" ind1=" " ind2=" ">
   <subfield code="a">019285318X (pbk.)</subfield>
  </datafield>
  <datafield tag="040" ind1=" " ind2=" ">
   <subfield code="a">DLC</subfield>
   <subfield code="c">DLC</subfield>
   <subfield code="d">DLC</subfield>
   <subfield code="d">DB-DhAAL</subfield>
  </datafield>
  <datafield tag="082" ind1="0" ind2="0">
   <subfield code="a">801/.95</subfield>
   <subfield code="2">21</subfield>
  </datafield>
  <datafield tag="100" ind1="1" ind2=" ">
   <subfield code="a">Culler, Jonathan D.</subfield>
  </datafield>
  <datafield tag="245" ind1="1" ind2="0">
   <subfield code="a">Literary theory :</subfield>
   <subfield code="b">a very short introduction /</subfield>
   <subfield code="c">Jonathan Culler.</subfield>
  </datafield>
  <datafield tag="260" ind1=" " ind2=" ">
   <subfield code="a">Oxford ;</subfield>
   <subfield code="a">New York :</subfield>
   <subfield code="b">Oxford University Press,</subfield>
   <subfield code="c">c1997.</subfield>
  </datafield>
  <datafield tag="300" ind1=" " ind2=" ">
   <subfield code="a">149 p. ;</subfield>
   <subfield code="c">20 cm.</subfield>
  </datafield>
  <datafield tag="504" ind1=" " ind2=" ">
   <subfield code="a">Includes bibliographical references (p. [133]-141) and index.</subfield>
  </datafield>
  <datafield tag="541" ind1="1" ind2=" ">
   <subfield code="e">00020801</subfield>
  </datafield>
  <datafield tag="650" ind1=" " ind2="0">
   <subfield code="a">Criticism.</subfield>
  </datafield>
  <datafield tag="852" ind1="4" ind2=" ">
   <subfield code="a">Ayesha Abed Library </subfield>
   <subfield code="j">General Shelf.</subfield>
  </datafield>
  <datafield tag="999" ind1=" " ind2=" ">
   <subfield code="c">9291</subfield>
   <subfield code="d">9291</subfield>
  </datafield>
  <datafield tag="952" ind1=" " ind2=" ">
   <subfield code="0">0</subfield>
   <subfield code="1">0</subfield>
   <subfield code="2">ddc</subfield>
   <subfield code="4">1</subfield>
   <subfield code="6">801_950000000000000_CUL_1997</subfield>
   <subfield code="7">0</subfield>
   <subfield code="9">11718</subfield>
   <subfield code="a">ENH</subfield>
   <subfield code="b">ENH</subfield>
   <subfield code="d">2010-08-24</subfield>
   <subfield code="l">1</subfield>
   <subfield code="o">801.95 CUL</subfield>
   <subfield code="p">3010020801</subfield>
   <subfield code="r">2014-05-14</subfield>
   <subfield code="s">2013-02-25</subfield>
   <subfield code="t">1</subfield>
   <subfield code="w">2010-08-24</subfield>
   <subfield code="y">BK</subfield>
   <subfield code="x">Departmental-issued damaged books were found in the ENH department for the reason of termites eaten in 2016</subfield>
  </datafield>
 </record>
</collection>
